000 00300 a2200145 4500
001 169530
020 _a
040 _cMagnum
100 _aPages, Max
240 1 0 _aA vida afetiva dos grupos
_lpor
245 1 0 _aA vida afetiva dos grupos
362 0 _a1899
697 _aPSICOLOGIA
942 _cBK
999 _c169530
_d169530